| 000 | 00431nam a2200157 4500 | ||
|---|---|---|---|
| 001 | 121443 | ||
| 003 | ES-MaACL | ||
| 005 | 20230906191743.0 | ||
| 007 | t| | ||
| 008 | 070214s1973 sp r ||||1| spa d | ||
| 110 | 2 |
_aBanco de Vasconia. _92117 |
|
| 245 | 1 | 0 | _aPlan general de contabilidad y otros datos de utilidad. |
| 260 |
_aPamplona : _b[s. n.], _c1973. |
||
| 300 |
_a175 p. ; _c21 cm. |
||
| 852 |
_aES-MaACL _jC-53953 _bR.86554 |
||
| 999 |
_c121443 _d121443 |
||